Nas margens do Nilo, no tempo dos faraós (Registo nº 4105)

Detalhes MARC
000 -Etiqueta do registo
Cabeçalho 00577nam a2200217 4500
005 - Identificador da versão
Campo de controlo 20240813122053.0
010 ## - Número internacional normalizado dos livros (ISBN)
Número (ISBN) 9722600680
100 ## - Dados gerais de processamento
Dados gerais de processamento 19970408d1990 de y0pory5003 ba
102 ## - Pais de publicação ou produção
País de publicação Portugal
101 1# - Língua de publicação
Língua do texto, banda sonora, etc. Português
Língua do documento no original Francês
215 ## - Descrição física 
Indicação específica da natureza do documento e extensão da espécie [36] p.
Outras indicações físicas il
200 1# - Titulo e menção de responsabilidade
Título próprio Nas margens do Nilo, no tempo dos faraós
Primeira menção de responsabilidade Corinne Courtalon
225 1# - Colecção 
Título próprio da colecção Descobrir
210 ## - Publicação, Distribuição, etc. 
Lugar da edição, distribuição, etc. Porto
Nome do editor, distribuidor, etc. Civilização
-- Círculo de Leitores
Data da publicação, distribuição, etc. imp. 1990
675 ## - Classificação Decimal Universal (CDU)
Notação 087.5
Edição BN
Língua da edição por
700 #1 - Nome de autor-pessoa física (responsabilidade principal)
Número de registo de entrada de autoridade 0000708
Palavra de ordem Courtalon
Outra parte do nome não tomada para palavra de ordem Corinne
942 ## - Elementos de entrada adicionados (Koha)
Tipo de item no Koha Livro
Exemplares
Situação do levantamento Origin of item (home branch) (coded) Biblioteca de empréstimo Código de barras Cota Circulation type (not for loan) Tipo de documento Nota do exemplar Damaged status
  Biblioteca Escolar das Vendas Biblioteca Escolar das Vendas BEV843 9UNI COU   Livro Sem mensagem